| 000 | 00379cam a2200145ua 4500 | ||
|---|---|---|---|
| 041 |
_aeng _h |
||
| 082 |
_a823.308 _bLAU/GU |
||
| 100 | _aLaurie, Marjerie . | ||
| 245 |
_aGay de maupassant`s short stories / _cMarjerie Laurie. _hTextual Documents |
||
| 260 |
_aLondon : _bJ M Dent and sons ltd , _c1962. |
||
| 300 | _a338 ; . | ||
| 504 | _a | ||
| 942 | _cBK | ||
| 999 |
_c4159 _d4159 |
||